000 00582nam a2200193Ia 4500
003 GCL
008 140319s9999 xx 000 0 eng d
020 _a0821334713
040 _aGCL /
_cGCL
082 0 4 _a338.956
_bW C
245 1 0 _aCLAIMING THE FUTURE :
_bCHOOSING PROSPERITY IN THE MIDDLE EAST AND AFRICA
260 _aنيويورك :
_bTHE WORLD BANK ،
_c1995
300 _a26 CM ؛
_cVIII, 119 P
650 0 4 _aMIDDLE EAST - ECONOMIC CONDITION
650 0 4 _aECONOMIC DEVELOPMENT
650 0 4 _aECONOMIC
650 0 4 _aAFRIAC, NORTH - ECONOMIC CONDITIONS
942 _2ddc
_cBK
999 _c5545
_d5545